000 01208cam a2200337 a 4500
001 12263045
003 OSt
005 20140310181641.0
008 001220s2001 nyu c 000 1 eng
010 _a 00054345
020 _a0439439612
040 _aDLC
_cDLC
_dDLC
042 _alcac
050 0 0 _aPZ 7
_b.B887 2001
082 0 0 _aKF
_bB83s 2001
100 1 _aBruchac, Joseph,
_d1942-
_95280
245 1 0 _aSkeleton man /
_cJoseph Bruchac.
260 _aNew York :
_bHarperCollins Publishers,
_c2001.
300 _a114 p. ;
_c20 cm.
541 _j1
562 _e1
650 1 _aPsychopaths
_vFiction.
_95281
650 1 _aKidnapping
_vFiction.
_95282
650 1 _aMohawk Indians
_vFiction.
_95283
650 1 _aIndians of North America
_zNew York (State)
_vFiction.
_95284
856 4 2 _3Publisher description
_uhttp://www.loc.gov/catdir/description/hc043/00054345.html
856 4 2 _3Contributor biographical information
_uhttp://www.loc.gov/catdir/enhancements/fy0910/00054345-b.html
906 _a7
_bcbc
_corignew
_d1
_eocip
_f20
_gy-gencatlg
942 _2lcc
_cBK-KF
_kKF
999 _c792
_d792